Dynamics of Tiger Management in Priority (Record no. 248184)

MARC details
000 -LEADER
fixed length control field 00296pam a2200133 a 4500
020 ## - INTERNATIONAL STANDARD BOOK NUMBER
Terms of availability
041 ## - LANGUAGE CODE
Language code of original
100 ## - MAIN ENTRY--PERSONAL NAME
Personal name Rajesh Gopal,
Relator term Author.
245 ## - TITLE STATEMENT
Title Dynamics of Tiger Management in Priority
Medium Textual Documents
250 ## - EDITION STATEMENT
Edition statement 1st.
260 ## - PUBLICATION, DISTRIBUTION, ETC.
Place of publication, distribution, etc. [s.l]:
Name of publisher, distributor, etc. Na
300 ## - PHYSICAL DESCRIPTION
Extent 316.
930 ## - EQUIVALENCE OR CROSS-REFERENCE-UNIFORM TITLE HEADING [LOCAL, CANADA]
Uniform title 2333
Holdings
Withdrawn status Lost status Damaged status Not for loan Home library Current library Date acquired Source of acquisition Cost, normal purchase price Total Checkouts Full call number Barcode Date last seen Date last checked out Copy number Price effective from Koha item type
        Institute of Environment Education & Research, Pune Institute of Environment Education & Research, Pune 09/12/2016 Natraj Publisher 556.00 1 EVP-1935 19/01/2024 01/09/2023 1 03/04/2023 Book